[Event "Titled Tue 17th Jun Late"]
[Site "chess.com INT"]
[Date "2025.06.17"]
[Round "8"]
[White "Oksendal, Martin"]
[Black "Petrus, Adrian"]
[Result "1-0"]
[WhiteTitle "FM"]
[BlackTitle "CM"]
[WhiteElo "2235"]
[BlackElo "2203"]
[WhiteFideId "1554107"]
[BlackFideId "14573652"]
[EventDate "2025.06.17"]

1. e4 e5 2. Nf3 Nc6 3. Bb5 f5 4. d3 fxe4 5. dxe4 Nf6 6. O-O Bc5 7. Nc3 d6 8. h3
O-O 9. Bg5 Be6 10. Qd3 Kh8 11. Nd5 Qd7 12. c3 Qf7 13. Bc4 Nxd5 14. exd5 Bf5 15.
Qd2 Ne7 16. b4 Bb6 17. a4 a5 18. Be3 Bxh3 19. Ng5 Qh5 20. Nxh3 Bxe3 21. fxe3 Nf5
22. Qe2 Qh4 23. Qf3 Qxc4 24. e4 axb4 25. exf5 b3 26. Ng5 b2 27. Rab1 Rxa4 28.
Qh5 Qh4 29. Qxh4 Rxh4 30. Rxb2 b6 31. Ne6 Rf7 32. Ra2 h6 33. Ra8+ Kh7 34. Nf8+ 1-0

[Event "Titled Tue 17th Jun Late"]
[Site "chess.com INT"]
[Date "2025.06.17"]
[Round "8"]
[White "Jing, Andrew"]
[Black "Demaria, Juan Pablo"]
[Result "0-1"]
[WhiteTitle "FM"]
[BlackTitle "FM"]
[WhiteElo "2292"]
[BlackElo "2215"]
[WhiteFideId "30984076"]
[BlackFideId "104922"]
[EventDate "2025.06.17"]

1. e4 g6 2. d4 Bg7 3. Nc3 d6 4. f4 c6 5. Nf3 b5 6. a4 b4 7. Ne2 a5 8. Ng3 Nd7 9.
Bd3 Ngf6 10. O-O O-O 11. e5 Nd5 12. Ne4 N7b6 13. c4 bxc3 14. bxc3 Ba6 15. Qe2
Bxd3 16. Qxd3 Rc8 17. Ba3 Nxf4 18. Qd2 dxe5 19. Nxe5 Bxe5 20. dxe5 Qxd2 21. Nxd2
Nfd5 22. c4 Ne3 23. Rf4 Rfe8 24. Bc5 Nc2 25. Ra2 Nd7 26. Rxc2 Nxc5 27. Ne4 Nxe4
28. Rxe4 Red8 29. e6 f5 30. Re5 c5 31. Rd5 Kg7 32. Rcd2 Rxd5 33. Rxd5 Kf6 34.
Rd7 Rb8 35. Ra7 Rb4 36. Rxa5 Rxc4 37. Ra6 Rc2 38. a5 Ra2 39. g3 c4 40. Kf1 c3
41. Ke1 Rxh2 42. Kd1 Ra2 43. Kc1 h5 44. Kb1 Ra3 45. Kc2 g5 46. Ra8 Kxe6 47. a6
h4 48. gxh4 gxh4 49. a7 h3 50. Rh8 Rxa7 51. Kxc3 Ke5 52. Kd2 Ra3 53. Ke2 Ke4 54.
Rh4+ f4 55. Rh8 e5 56. Rh4 Ra2+ 57. Ke1 h2 58. Kf1 h1=Q+ 59. Rxh1 Ra1+ 60. Kg2
Rxh1 61. Kxh1 Kf3 62. Kh2 Kf2 63. Kh1 e4 64. Kh2 e3 65. Kh1 e2 66. Kh2 e1=Q 67.
Kh3 Qg1 68. Kh4 Kf3 69. Kh5 Ke4 70. Kh6 Kf5 71. Kh5 Qg5# 0-1

[Event "Titled Tue 17th Jun Late"]
[Site "chess.com INT"]
[Date "2025.06.17"]
[Round "8"]
[White "Sliwicka, Alicja"]
[Black "Ersahin, Bulent"]
[Result "1-0"]
[WhiteTitle "WGM"]
[BlackTitle "CM"]
[WhiteElo "2299"]
[BlackElo "2106"]
[WhiteFideId "1150677"]
[BlackFideId "6302670"]
[EventDate "2025.06.17"]

1. e4 c5 2. Nf3 d6 3. d4 cxd4 4. Nxd4 Nf6 5. Nc3 a6 6. Nb3 e6 7. Bd3 b5 8. O-O
Bb7 9. a3 Nbd7 10. Bd2 Rc8 11. f4 Be7 12. Qf3 O-O 13. Qh3 e5 14. Rae1 exf4 15.
Bxf4 Ne5 16. Kh1 Qd7 17. Qe3 Qg4 18. Nd4 Rfe8 19. Nf5 Bf8 20. Be2 Nc4 21. Bxg4
Nxe3 22. Nxe3 Rxc3 23. bxc3 Nxe4 24. Bf3 d5 25. Nf5 Bc5 26. Bxe4 dxe4 27. Be3
Bxa3 28. Bd4 f6 29. Re3 Rc8 30. Rg3 g6 31. Nh6+ Kg7 32. Bxf6+ 1-0

[Event "Titled Tue 17th Jun Late"]
[Site "chess.com INT"]
[Date "2025.06.17"]
[Round "8"]
[White "Kukushkin, Ivan"]
[Black "Levano Loayza, Adriano Jaffet"]
[Result "1-0"]
[WhiteTitle "CM"]
[BlackTitle "CM"]
[WhiteElo "2008"]
[BlackElo "2023"]
[WhiteFideId "11634103"]
[BlackFideId "3865584"]
[EventDate "2025.06.17"]

1. e4 c5 2. Nf3 d6 3. d4 cxd4 4. Nxd4 Nf6 5. f3 Nc6 6. c4 g6 7. Nc3 Bg7 8. Be3
O-O 9. Qd2 a6 10. Be2 Rb8 11. O-O Bd7 12. b3 Nxd4 13. Bxd4 b5 14. Rad1 Qc7 15.
Kh1 b4 16. Bxf6 Bxf6 17. Nd5 Qa5 18. a4 Rfd8 19. Nxf6+ exf6 20. Qf4 Qe5 21. Qxe5
dxe5 22. Rd6 Be6 23. Rfd1 Rxd6 24. Rxd6 a5 25. Kg1 Ra8 26. Kf2 Kf8 27. Ke3 Ke7
28. Rb6 Kd7 29. Kd2 Kc7 30. Rb5 h5 31. Kc2 h4 32. c5 h3 33. g3 f5 34. Rb6 fxe4
35. fxe4 Bd7 36. Bc4 f5 37. Bd5 Rf8 38. Rb7+ Kd8 39. c6 Bc8 40. Rg7 fxe4 41. c7+
Ke8 42. Bc6+ 1-0

[Event "Titled Tue 17th Jun Late"]
[Site "chess.com INT"]
[Date "2025.06.17"]
[Round "8"]
[White "Chen, Yidong"]
[Black "Ferriz Barrios, Andres"]
[Result "0-1"]
[BlackTitle "FM"]
[WhiteElo "2074"]
[BlackElo "2102"]
[WhiteFideId "8607028"]
[BlackFideId "5104467"]
[EventDate "2025.06.17"]

1. e4 e6 2. d4 d5 3. Nd2 dxe4 4. Nxe4 Nd7 5. g3 Ngf6 6. Nxf6+ Nxf6 7. Bg2 Be7 8.
Nf3 O-O 9. O-O c5 10. Bf4 Nd5 11. Bd2 cxd4 12. Nxd4 Bf6 13. c3 Bd7 14. Nb3 Bc6
15. Re1 Qc7 16. Rc1 Rfd8 17. Qe2 a6 18. c4 Ne7 19. Bxc6 Nxc6 20. Bc3 Bxc3 21.
Rxc3 Rd7 22. Rd1 Rad8 23. Rcd3 Rxd3 24. Rxd3 Rxd3 25. Qxd3 Ne5 26. Qc3 f6 27. c5
Qc6 28. Nd4 Qd5 29. Nb3 Nf3+ 30. Kg2 Nh4+ 31. Kh3 Nf3 32. Qe3 h5 33. c6 bxc6 34.
Nc5 Kf7 35. Ne4 Qxe4 0-1

[Event "Titled Tue 17th Jun Late"]
[Site "chess.com INT"]
[Date "2025.06.17"]
[Round "8"]
[White "Moroni, Luca Jr"]
[Black "Khenkin, Igor"]
[Result "1-0"]
[WhiteTitle "GM"]
[BlackTitle "GM"]
[WhiteElo "2549"]
[BlackElo "2499"]
[WhiteFideId "865834"]
[BlackFideId "4659600"]
[EventDate "2025.06.17"]

1. e4 c6 2. d4 d5 3. Nc3 dxe4 4. Nxe4 Nf6 5. Nxf6+ exf6 6. Be3 Na6 7. c3 Nc7 8.
Nf3 Nd5 9. Bd3 Bd6 10. O-O O-O 11. Re1 Bg4 12. h3 Bh5 13. c4 Nxe3 14. fxe3 Bg3
15. Rf1 c5 16. Qc2 Bg6 17. Rad1 Re8 18. Bxg6 hxg6 19. Rd3 Qc7 20. Rfd1 Re7 21.
d5 Bd6 22. Qf2 Rae8 23. b3 f5 24. Nd2 Re5 25. Nf1 Qe7 26. Qf3 Re4 27. Kf2 Qh4+
28. Kg1 f4 29. Qf2 Qg5 30. exf4 Rxf4 31. Rf3 Ree4 32. Rxf4 Rxf4 33. Qe2 Qf6 34.
Re1 Kh7 35. Ne3 Rf2 36. Qxf2 Bh2+ 37. Kf1 1-0

[Event "Titled Tue 17th Jun Late"]
[Site "chess.com INT"]
[Date "2025.06.17"]
[Round "8"]
[White "Fiorito, Joaquin"]
[Black "Cevizci, Yusuf Baran"]
[Result "1-0"]
[WhiteTitle "IM"]
[BlackTitle "CM"]
[WhiteElo "2419"]
[BlackElo "2062"]
[WhiteFideId "180173"]
[BlackFideId "34565400"]
[EventDate "2025.06.17"]

1. d4 d5 2. Nf3 Nf6 3. c4 c6 4. g3 g6 5. Bg2 Bg7 6. O-O O-O 7. Qa4 dxc4 8. Qxc4
Be6 9. Qa4 Nbd7 10. Nc3 Nb6 11. Qc2 Bg4 12. Rd1 Nc4 13. e4 Qc8 14. b3 Nb6 15.
Re1 Rd8 16. Be3 Bxf3 17. Bxf3 Ng4 18. Bxg4 Qxg4 19. Rad1 Rac8 20. Kg2 h5 21. h3
Qe6 22. Ne2 Nd7 23. Nf4 Qd6 24. e5 Qb8 25. e6 fxe6 26. Nxe6 Nf8 27. Nxd8 Rxd8
28. Bg5 Rd5 29. Bxe7 Qc8 30. Bxf8 Kxf8 31. Qxg6 Qd8 32. Re4 1-0

[Event "Titled Tue 17th Jun Late"]
[Site "chess.com INT"]
[Date "2025.06.17"]
[Round "8"]
[White "Smieszek, Wojciech"]
[Black "Rogov, Matfey"]
[Result "0-1"]
[WhiteTitle "CM"]
[BlackTitle "FM"]
[WhiteElo "2141"]
[BlackElo "2348"]
[WhiteFideId "1156047"]
[BlackFideId "44191308"]
[EventDate "2025.06.17"]

1. e4 e5 2. Nf3 f5 3. Nxe5 fxe4 4. Qh5+ g6 5. Nxg6 hxg6 6. Qxh8 Kf7 7. Nc3 d5 8.
d3 Bg7 9. Qh7 Nd7 10. dxe4 Nf8 11. Qxg7+ Kxg7 12. Nxd5 Be6 13. Nc3 Nf6 14. Bd3
Ng4 15. Bf4 Qf6 16. Bg3 Rd8 17. O-O Nd7 18. Bxc7 Rh8 19. Bg3 Nxh2 20. Bxh2 Qh4
21. f3 Qxh2+ 22. Kf2 Qh4+ 23. Ke2 Qg5 24. Kf2 Rh2 25. Rg1 Ne5 26. Ne2 Bh3 27. f4
Rxg2+ 28. Ke3 Ng4+ 29. Kd2 Qa5+ 30. c3 Qb6 31. Rxg2 Bxg2 32. Rg1 Qxb2+ 33. Bc2
Bxe4 34. Nd4 Bxc2 35. Nxc2 Ne3 36. Kxe3 Qxc2 0-1

[Event "Titled Tue 17th Jun Late"]
[Site "chess.com INT"]
[Date "2025.06.17"]
[Round "8"]
[White "Caprio, Guido"]
[Black "Gkavardinas, Antonios"]
[Result "1-0"]
[WhiteTitle "IM"]
[BlackTitle "FM"]
[WhiteElo "2435"]
[BlackElo "2278"]
[WhiteFideId "834580"]
[BlackFideId "25883097"]
[EventDate "2025.06.17"]

1. d3 d5 2. e4 g6 3. Nc3 c6 4. Nf3 Bg7 5. d4 Bg4 6. e5 f6 7. exf6 Nxf6 8. Be2
O-O 9. O-O Ne4 10. Nxe4 dxe4 11. Ng5 Bxe2 12. Qxe2 Qd5 13. Qxe4 Qxe4 14. Nxe4
Bxd4 15. c3 Bg7 16. Bg5 Rf7 17. Rad1 Na6 18. Rd7 h6 19. Be3 e5 20. Rxf7 Kxf7 21.
Rd1 Ke6 22. Rd6+ Ke7 23. Rxg6 Rd8 24. g4 Kf7 25. Rd6 Rxd6 26. Nxd6+ Ke6 27. Nxb7
Bf8 28. Bxa7 c5 29. a3 Kd5 30. b4 c4 31. Be3 Ke4 32. b5 Kd3 33. bxa6 1-0

[Event "Titled Tue 17th Jun Late"]
[Site "chess.com INT"]
[Date "2025.06.17"]
[Round "8"]
[White "Unver, Cumayi"]
[Black "Molinaroli, Martin"]
[Result "1-0"]
[BlackTitle "FM"]
[WhiteElo "2012"]
[BlackElo "2157"]
[WhiteFideId "6304940"]
[BlackFideId "4606604"]
[EventDate "2025.06.17"]

1. d4 g6 2. Bf4 Bg7 3. Nc3 d6 4. e4 Nf6 5. Qd2 c6 6. f3 b5 7. O-O-O b4 8. Nce2
a5 9. Kb1 Ba6 10. Nc1 Bxf1 11. Rxf1 Na6 12. Nge2 a4 13. g4 a3 14. b3 Nd7 15. h4
h6 16. h5 g5 17. Be3 e5 18. Rd1 O-O 19. Ng3 exd4 20. Bxd4 Ne5 21. Rhf1 Nc7 22.
Nf5 Nb5 23. Ba1 Nc3+ 24. Bxc3 bxc3 25. Qxd6 Qxd6 26. Rxd6 Rad8 27. Nd3 Rxd6 28.
Nxd6 Rd8 29. Nxe5 Rxd6 30. Nd3 Bd4 31. Kc1 Be3+ 32. Kd1 Kg7 33. Ke2 Bd2 34. Rd1
Rd4 35. Ne5 c5 36. Nc4 Rd7 37. Nxd2 cxd2 38. Rxd2 Rc7 39. Kd3 Rd7+ 40. Kc3 Rc7
41. Kc4 Kf6 42. Rd5 Ke6 43. Rxc5 Rd7 44. Rd5 Rc7+ 45. Kd3 f6 46. c4 Rb7 47. Kc3
Rb6 48. b4 1-0

[Event "Titled Tue 17th Jun Late"]
[Site "chess.com INT"]
[Date "2025.06.17"]
[Round "8"]
[White "Cupid, Kevin"]
[Black "Cernov, Henrik"]
[Result "0-1"]
[WhiteTitle "FM"]
[BlackTitle "FM"]
[WhiteElo "2189"]
[BlackElo "2325"]
[WhiteFideId "7700512"]
[BlackFideId "16258312"]
[EventDate "2025.06.17"]

1. d4 Nf6 2. c4 Nc6 3. e3 e5 4. d5 Ne7 5. Nc3 Ng6 6. Nf3 Bb4 7. Qb3 Bxc3+ 8.
Qxc3 d6 9. Be2 O-O 10. O-O Ne4 11. Qa3 f5 12. b4 f4 13. exf4 Nxf4 14. Bxf4 Rxf4
15. Qe3 Nf6 16. g3 Ng4 17. Qc3 Rf8 18. Nh4 Qg5 19. Rae1 Nf6 20. f4 exf4 21. Rxf4
Bg4 22. Bd3 Rae8 23. Ref1 Bh3 24. Nf3 Qh6 25. Rf2 Ng4 26. Rxf8+ Rxf8 27. Bxh7+
Qxh7 28. Re2 Qf5 0-1

[Event "Titled Tue 17th Jun Late"]
[Site "chess.com INT"]
[Date "2025.06.17"]
[Round "8"]
[White "Sheehan, Ethan"]
[Black "Makridis, Dimitrios"]
[Result "1-0"]
[BlackTitle "FM"]
[WhiteElo "2364"]
[BlackElo "2283"]
[WhiteFideId "30943965"]
[BlackFideId "25864475"]
[EventDate "2025.06.17"]

1. d4 Nf6 2. Nf3 g6 3. c4 Bg7 4. Nc3 O-O 5. e4 d6 6. Be2 e5 7. O-O Bg4 8. d5 a5
9. Be3 Na6 10. Nd2 Bxe2 11. Qxe2 Nh5 12. g3 f5 13. exf5 Rxf5 14. Nde4 Qd7 15. a3
Raf8 16. Rab1 h6 17. b4 Nf4 18. Qg4 h5 19. Qd1 axb4 20. axb4 Nh3+ 21. Kg2 Nf4+
22. gxf4 exf4 23. Bd4 f3+ 24. Kh1 Rf4 25. Rg1 Rg4 26. Bxg7 Qxg7 27. Rxg4 hxg4
28. Qd2 Rf5 29. Rg1 Rh5 30. Rxg4 Qh8 31. Qf4 Nxb4 32. Rxg6+ Kh7 33. Qf7+ 1-0

[Event "Titled Tue 17th Jun Late"]
[Site "chess.com INT"]
[Date "2025.06.17"]
[Round "8"]
[White "Rosenbecker, Daniel"]
[Black "Arias Igual, Alejandro"]
[Result "0-1"]
[WhiteTitle "CM"]
[BlackTitle "FM"]
[WhiteElo "2109"]
[BlackElo "2242"]
[WhiteFideId "1718959"]
[BlackFideId "2254905"]
[EventDate "2025.06.17"]

1. b3 c5 2. Bb2 Nc6 3. Nf3 d5 4. e3 a6 5. c4 d4 6. exd4 cxd4 7. d3 e5 8. Be2 Bd6
9. O-O Nf6 10. Re1 O-O 11. Nbd2 h6 12. Bf1 Bf5 13. Ne4 Nxe4 14. dxe4 Be6 15. g3
Qd7 16. Bg2 Rfd8 17. a3 a5 18. Qd3 Rac8 19. Rad1 Qe7 20. Nh4 Bxa3 21. Bxa3 Qxa3
22. Ra1 Qc5 23. Nf5 Nb4 24. Qf3 Nc2 25. Qg4 Bxf5 26. exf5 Nxa1 27. Be4 Rd6 28.
Rxa1 b6 29. Ra4 d3 30. b4 axb4 31. Ra1 d2 32. Rd1 Rcd8 33. Bd5 Rxd5 34. f6 g6
35. cxd5 Rxd5 36. Qf3 Qd6 37. Kg2 Kh7 38. h4 h5 39. Qe3 Rd4 40. Ra1 Qxf6 41. Ra8
d1=Q 0-1

[Event "Titled Tue 17th Jun Late"]
[Site "chess.com INT"]
[Date "2025.06.17"]
[Round "8"]
[White "Jasinski, Alexander"]
[Black "Perez Rojas, Jorge"]
[Result "0-1"]
[BlackTitle "FM"]
[WhiteElo "1989"]
[BlackElo "2100"]
[WhiteFideId "55627994"]
[BlackFideId "3452093"]
[EventDate "2025.06.17"]

1. e4 e6 2. d4 d5 3. exd5 exd5 4. Nf3 Bd6 5. c4 Nf6 6. Nc3 O-O 7. c5 Be7 8. Bd3
b6 9. cxb6 axb6 10. O-O c5 11. Bg5 Nc6 12. dxc5 bxc5 13. Bxf6 Bxf6 14. Nxd5 Bxb2
15. Rb1 Bd4 16. Nxd4 Nxd4 17. Bc4 Be6 18. Ne3 Bxc4 19. Nxc4 Rxa2 20. Qh5 Qc7 21.
h3 h6 22. Ra1 Rfa8 23. Rxa2 Rxa2 24. Qd5 Rc2 25. Ne3 Re2 26. Ra1 Qf4 27. Rf1
Rxe3 28. Qxc5 Ne2+ 29. Kh1 Ng3+ 30. fxg3 Qxf1+ 31. Kh2 Re1 32. Qc8+ Kh7 33. Qc2+
g6 34. g4 Qf4+ 35. g3 Qf3 36. Qg2 Re2 0-1

[Event "Titled Tue 17th Jun Late"]
[Site "chess.com INT"]
[Date "2025.06.17"]
[Round "8"]
[White "Rasch, Holger"]
[Black "Yatskar, Martin"]
[Result "1-0"]
[WhiteTitle "FM"]
[BlackTitle "CM"]
[WhiteElo "2246"]
[BlackElo "2225"]
[WhiteFideId "4615670"]
[BlackFideId "34109676"]
[EventDate "2025.06.17"]

1. e4 e5 2. Nf3 Nc6 3. Nc3 Nf6 4. Bb5 Bc5 5. O-O O-O 6. Nxe5 Nxe5 7. d4 Bd6 8.
f4 Ng6 9. e5 Be7 10. f5 d5 11. exf6 Bxf6 12. fxg6 hxg6 13. Be3 c6 14. Bd3 Re8
15. Bf2 Qb6 16. Na4 Qa5 17. c3 Bd7 18. Nc5 Bc8 19. b4 Qc7 20. a4 b6 21. Nb3 Bd7
22. Qf3 Re7 23. Bg3 Qb7 24. Rae1 Rae8 25. Rxe7 Rxe7 26. Re1 Be6 27. Bd6 Rd7 28.
Be5 Be7 29. Bf4 Bf8 30. Bxg6 Qa6 31. Bc2 Be7 32. Qh5 Bf6 33. Rxe6 g6 34. Re8+
Kg7 35. Qh6# 1-0

[Event "Titled Tue 17th Jun Late"]
[Site "chess.com INT"]
[Date "2025.06.17"]
[Round "8"]
[White "Reprintsev, Alexander"]
[Black "Palczert, Matyas"]
[Result "0-1"]
[WhiteTitle "IM"]
[BlackTitle "FM"]
[WhiteElo "2256"]
[BlackElo "2396"]
[WhiteFideId "14100541"]
[BlackFideId "784958"]
[EventDate "2025.06.17"]

1. e4 e5 2. Nc3 Nc6 3. g3 Nf6 4. Bg2 Bc5 5. Nge2 O-O 6. d3 a5 7. O-O d6 8. h3 h6
9. Kh2 Nd4 10. f4 c6 11. Nxd4 Bxd4 12. Ne2 Ba7 13. Bd2 a4 14. Qe1 Bb8 15. fxe5
dxe5 16. Qf2 Nh7 17. Be3 Be6 18. a3 Bd6 19. Rad1 Qe7 20. c3 f5 21. Qg1 f4 22.
Bc1 Qd7 23. g4 Ng5 24. Bf3 h5 25. gxh5 Nxh3 26. Qg2 Be7 27. Rg1 Ng5 28. Rdf1 Bh3
29. Qf2 Bxf1 30. Rxf1 Qxd3 31. Bg4 Nxe4 32. Qe1 Ng3 33. Nxg3 fxg3+ 34. Kg2 Qxf1+
35. Qxf1 Rxf1 36. Kxf1 Rf8+ 37. Kg2 Rf2+ 38. Kxg3 Rc2 39. Be3 Rxb2 40. Bc8 Bxa3 0-1

[Event "Titled Tue 17th Jun Late"]
[Site "chess.com INT"]
[Date "2025.06.17"]
[Round "8"]
[White "Sobek, Jaroslav"]
[Black "Ady, Jonathan J."]
[Result "1-0"]
[WhiteTitle "FM"]
[BlackTitle "FM"]
[WhiteElo "2195"]
[BlackElo "2355"]
[WhiteFideId "301388"]
[BlackFideId "6000240"]
[EventDate "2025.06.17"]

1. d4 d5 2. c4 dxc4 3. Nf3 Nf6 4. e3 Bg4 5. Bxc4 e6 6. Be2 Nc6 7. O-O Bd6 8. h3
Bh5 9. b3 O-O 10. Bb2 Qe7 11. Nbd2 e5 12. Nc4 Bxf3 13. Bxf3 exd4 14. Bxc6 bxc6
15. Qxd4 Rfd8 16. Qh4 Nd5 17. Qg4 f6 18. Rad1 a5 19. e4 Nb6 20. Ne3 h5 21. Qxh5
Qxe4 22. Ng4 Qf4 23. Qg6 1-0

[Event "Titled Tue 17th Jun Late"]
[Site "chess.com INT"]
[Date "2025.06.17"]
[Round "8"]
[White "Todorovic, Bojan"]
[Black "Yazici, Ugur Doga"]
[Result "0-1"]
[WhiteTitle "FM"]
[BlackTitle "CM"]
[WhiteElo "2111"]
[BlackElo "2161"]
[WhiteFideId "917087"]
[BlackFideId "6363342"]
[EventDate "2025.06.17"]

1. d4 c5 2. d5 e5 3. e4 d6 4. Nc3 Be7 5. b3 Bg5 6. Bb2 h5 7. Bb5+ Nd7 8. Nf3 Bh6
9. Nd2 a6 10. Bxd7+ Bxd7 11. Nc4 Bb5 12. a4 Bxc4 13. bxc4 Nf6 14. O-O O-O 15.
Qe2 Qd7 16. a5 Rab8 17. Na4 Qg4 18. f3 Qg6 19. Bc1 h4 20. Rb1 Nh5 21. Bxh6 Qxh6
22. Rb6 Ng3 23. Qe1 Nxf1 24. Kxf1 h3 25. g3 f5 26. Nxc5 fxe4 27. Nd7 Rxf3+ 28.
Kg1 Rd8 29. Nxe5 Qe3+ 30. Qxe3 Rxe3 31. Ng4 Re2 32. Nf2 Rf8 0-1

[Event "Titled Tue 17th Jun Late"]
[Site "chess.com INT"]
[Date "2025.06.17"]
[Round "8"]
[White "Chocenka, Dmitrijus"]
[Black "Buchenau, Frank"]
[Result "1-0"]
[WhiteTitle "FM"]
[BlackTitle "FM"]
[WhiteElo "2314"]
[BlackElo "2205"]
[WhiteFideId "12802336"]
[BlackFideId "4604350"]
[EventDate "2025.06.17"]

1. e4 e6 2. d4 d5 3. Nc3 Nf6 4. e5 Nfd7 5. f4 c5 6. Nf3 Nc6 7. Be3 a6 8. Qd2 b5
9. Nd1 b4 10. c3 Qb6 11. a3 bxa3 12. bxa3 a5 13. Bd3 Ba6 14. Rb1 Qa7 15. f5 Bxd3
16. Qxd3 Qa6 17. Qxa6 Rxa6 18. fxe6 fxe6 19. Ng5 Nd8 20. a4 cxd4 21. Bxd4 Be7
22. Nh3 O-O 23. g3 Nc6 24. Nf4 Ncxe5 25. Rb7 Nf3+ 26. Ke2 Nxd4+ 27. cxd4 Rd8 28.
Kd3 Bg5 29. Ne2 Nf6 30. h4 Bh6 31. Ndc3 Rc8 32. Rhb1 Rac6 33. R1b5 R6c7 34. Rxc7
Rxc7 35. Rxa5 g6 36. Ra6 Bf8 37. Rxe6 Kf7 38. Rxf6+ 1-0

[Event "Titled Tue 17th Jun Late"]
[Site "chess.com INT"]
[Date "2025.06.17"]
[Round "8"]
[White "Zou, Chen"]
[Black "Oro, Faustino"]
[Result "0-1"]
[WhiteTitle "IM"]
[BlackTitle "IM"]
[WhiteElo "2443"]
[BlackElo "2465"]
[WhiteFideId "8610959"]
[BlackFideId "20000197"]
[EventDate "2025.06.17"]

1. d4 Nf6 2. c4 e6 3. Nf3 d5 4. Nc3 dxc4 5. e3 a6 6. a4 b6 7. Bxc4 Bb4 8. O-O
Bb7 9. Qe2 O-O 10. Rd1 Qe7 11. Bd2 Nbd7 12. Be1 c5 13. Rac1 h6 14. h3 Rfd8 15.
Bd3 cxd4 16. Nxd4 Nc5 17. Bb1 Bxc3 18. Bxc3 Nxa4 19. Be1 Rac8 20. b3 Nc5 21. b4
Nce4 22. Qb2 e5 23. Nf3 Rxd1 24. Rxd1 Re8 25. Ba2 b5 26. Bb3 Bc8 27. Bc2 Bf5 28.
Bb3 Be6 29. Bc2 Bc4 30. Bb1 Qe6 31. Qa1 Ng5 32. Nxg5 hxg5 33. Qc3 g4 34. hxg4
Nxg4 35. f3 Nf6 36. e4 Nh5 37. Bf2 Nf4 38. Qd2 Be2 39. Re1 Qg6 40. g3 Bxf3 41.
Re3 Nh3+ 42. Kf1 Ng5 43. Qd5 Qh5 44. Kg1 Qh1# 0-1

[Event "Titled Tue 17th Jun Late"]
[Site "chess.com INT"]
[Date "2025.06.17"]
[Round "8"]
[White "Diaz Guerrero, Jesus Daniel"]
[Black "Tymrakiewicz, Rafal"]
[Result "0-1"]
[WhiteTitle "CM"]
[BlackTitle "FM"]
[WhiteElo "2076"]
[BlackElo "2206"]
[WhiteFideId "3979288"]
[BlackFideId "1108832"]
[EventDate "2025.06.17"]

1. e4 Nf6 2. Nc3 d5 3. exd5 c6 4. dxc6 Nxc6 5. Nf3 e5 6. Bb5 Bd6 7. d3 Bg4 8.
Bg5 h6 9. Bxf6 Qxf6 10. Ne4 Qe7 11. h3 Bh5 12. Ng3 Bg6 13. O-O O-O 14. Bxc6 bxc6
15. Re1 f5 16. Nd2 Rae8 17. Nc4 Bc7 18. Nf1 Qc5 19. c3 e4 20. Nfe3 f4 21. b4 Qg5
22. Ng4 h5 23. Nh2 f3 24. g3 Bxg3 25. Nxf3 exf3 26. Rxe8 Bxe8 27. Ne3 Bf4+ 28.
Kf1 Bxe3 29. fxe3 Qg2+ 30. Ke1 f2+ 0-1

[Event "Titled Tue 17th Jun Late"]
[Site "chess.com INT"]
[Date "2025.06.17"]
[Round "8"]
[White "Fikiet, Alex"]
[Black "Martinez Ramirez, Lennis"]
[Result "0-1"]
[BlackTitle "IM"]
[WhiteElo "2151"]
[BlackElo "2442"]
[WhiteFideId "2052717"]
[BlackFideId "3509079"]
[EventDate "2025.06.17"]

1. e4 c5 2. d4 cxd4 3. c3 dxc3 4. Nxc3 e6 5. Nf3 Bb4 6. Qd4 Bxc3+ 7. Qxc3 Nf6 8.
Bd3 O-O 9. Bg5 h6 10. Bh4 d6 11. O-O Nc6 12. Rfd1 e5 13. Bb5 Bg4 14. Bxc6 Rc8
15. Qa3 Rxc6 16. h3 Bxf3 17. Qxf3 g5 18. Bg3 Qe7 19. h4 g4 20. Qe3 Kg7 21. f4
gxf3 22. Qxf3 Rc4 23. Re1 Qe6 24. Rad1 Rfc8 25. h5 R8c6 26. Bh4 Ng4 27. Rf1 Rc2
28. Qg3 R6c4 29. Rf6 Qc8 30. Rfxd6 Rxe4 31. Bf6+ Kh7 32. Rd8 Qc5+ 33. Kh1 Nxf6
34. Rf1 Rf4 35. Rxf4 Rc1+ 36. Kh2 Qg1+ 37. Kh3 Qh1+ 38. Qh2 Qxh2+ 39. Kxh2 exf4 0-1

[Event "Titled Tue 17th Jun Late"]
[Site "chess.com INT"]
[Date "2025.06.17"]
[Round "8"]
[White "Rodrigues, Leonardo De Miranda"]
[Black "Wagner, Dennis"]
[Result "0-1"]
[BlackTitle "GM"]
[WhiteElo "2111"]
[BlackElo "2619"]
[WhiteFideId "2108658"]
[BlackFideId "24650684"]
[EventDate "2025.06.17"]

1. e4 c6 2. d4 d5 3. e5 Bf5 4. Nc3 e6 5. g4 Bg6 6. Nge2 Bb4 7. a3 Bxc3+ 8. Nxc3
h5 9. Bd3 Bxd3 10. Qxd3 hxg4 11. Qg3 Qh4 12. Rg1 Ne7 13. Qxg4 Nf5 14. Ne2 Qxg4
15. Rxg4 Rxh2 16. c3 Rh1+ 17. Kd2 Nd7 18. Kc2 O-O-O 19. Rb1 Rdh8 20. Bf4 Rxb1
21. Kxb1 Rh4 22. Rg1 c5 23. Be3 c4 24. Kc2 Nf8 25. Kd2 Kd7 26. b3 cxb3 27. Rb1
Kc6 28. Rxb3 Nd7 29. a4 Nb6 30. Bg5 Rh2 31. Ke1 Rh1+ 32. Kd2 Nc4+ 33. Kc2 Rh2
34. Kd1 Rxf2 0-1

[Event "Titled Tue 17th Jun Late"]
[Site "chess.com INT"]
[Date "2025.06.17"]
[Round "8"]
[White "Li, Xueyi"]
[Black "Watanabe, Akira"]
[Result "0-1"]
[WhiteTitle "WGM"]
[BlackTitle "FM"]
[WhiteElo "2220"]
[BlackElo "2284"]
[WhiteFideId "8605912"]
[BlackFideId "7000227"]
[EventDate "2025.06.17"]

1. d4 d5 2. c4 e6 3. g3 Nf6 4. Bg2 Be7 5. Nf3 O-O 6. O-O dxc4 7. Nc3 a6 8. a4 c5
9. dxc5 Bxc5 10. Bf4 Nc6 11. Qxd8 Rxd8 12. Rfd1 Re8 13. Ne5 Nxe5 14. Bxe5 Nd7
15. Bd6 Bxd6 16. Rxd6 Rb8 17. Rad1 Nf6 18. Rd8 Kf8 19. Rxe8+ Kxe8 20. Ne4 Nxe4
21. Bxe4 f5 22. Bf3 b5 23. axb5 axb5 24. Bc6+ Ke7 25. Kf1 Rb6 26. Bg2 Bd7 27.
Ke1 h6 28. e3 Ra6 29. e4 Ra2 30. exf5 exf5 31. Rd2 Be6 32. Bc6 b4 0-1